Ten steps to a results-based monitoring and evaluation system : (Record no. 357297)
[ view plain ]
| 000 -LEADER | |
|---|---|
| fixed length control field | 00977nam a2200265Ia 4500 |
| 008 - FIXED-LENGTH DATA ELEMENTS--GENERAL INFORMATION | |
| fixed length control field | 180523s9999 xx 000 0 und d |
| 020 ## - INTERNATIONAL STANDARD BOOK NUMBER | |
| International Standard Book Number | 0-8213-5823-5 |
| 050 ## - LIBRARY OF CONGRESS CALL NUMBER | |
| Classification number | MAIN JF 1525.P67 |
| 050 ## - LIBRARY OF CONGRESS CALL NUMBER | |
| Item number | .K87 2004 |
| 100 ## - MAIN ENTRY--PERSONAL NAME | |
| Personal name | Kusek, Jody Zall. |
| 245 #0 - TITLE STATEMENT | |
| Title | Ten steps to a results-based monitoring and evaluation system : |
| 245 #2 - TITLE STATEMENT | |
| Remainder of title | a handbook for development practitioners / |
| 245 #0 - TITLE STATEMENT | |
| Statement of responsibility, etc | Jody Zall Kusek and Ray C. Rist. |
| 260 ## - PUBLICATION, DISTRIBUTION, ETC. (IMPRINT) | |
| Place of publication, distribution, etc | Washington D.C. : |
| 260 ## - PUBLICATION, DISTRIBUTION, ETC. (IMPRINT) | |
| Name of publisher, distributor, etc | World Bank, |
| 260 ## - PUBLICATION, DISTRIBUTION, ETC. (IMPRINT) | |
| Date of publication, distribution, etc | 2004 |
| 300 ## - PHYSICAL DESCRIPTION | |
| Extent | 248 pages : |
| 300 ## - PHYSICAL DESCRIPTION | |
| Other physical details | illustrations ; |
| 300 ## - PHYSICAL DESCRIPTION | |
| Dimensions | 23 cm. |
| 500 ## - GENERAL NOTE | |
| General note | Includes bibliographical references and index. |
| 650 ## - SUBJECT ADDED ENTRY--TOPICAL TERM | |
| Topical term or geographic name as entry element | Government productivity -- Developing countries -- Evaluation. |
| 650 ## - SUBJECT ADDED ENTRY--TOPICAL TERM | |
| Topical term or geographic name as entry element | Total quality management in government -- Developing countries -- Evaluation. |
| 650 ## - SUBJECT ADDED ENTRY--TOPICAL TERM | |
| General subdivision | Performance standards -- Developing countries -- Evaluation. |
| 650 ## - SUBJECT ADDED ENTRY--TOPICAL TERM | |
| General subdivision | Public administration -- Developing countries -- Evaluation. |
| Withdrawn status | Lost status | Damaged status | Home library | Current library | Shelving location | Date acquired | Cost, normal purchase price | Total Checkouts | Full call number | Barcode | Date last seen | Price effective from | Koha item type |
|---|---|---|---|---|---|---|---|---|---|---|---|---|---|
| South Mansfield College | South Mansfield College | 03/07/2005 | 681.00 | MAIN JF 1525.P67 .K87 2004 | SMC00512 | 05/23/2018 | 05/23/2018 |